Linear algebra with applications (Record no. 490608)

000 -LEADER
fixed length control field 00881cam a2200265 i 4500
001 - CONTROL NUMBER
control field 17890428
005 - DATE AND TIME OF LATEST TRANSACTION
control field 20180926093750.0
008 - FIXED-LENGTH DATA ELEMENTS--GENERAL INFORMATION
fixed length control field 130918s2015 maua b 000 0 eng
010 ## - LIBRARY OF CONGRESS CONTROL NUMBER
LC control number 2013037914
020 ## - INTERNATIONAL STANDARD BOOK NUMBER
International Standard Book Number 9780321962218 (hardcover)
020 ## - INTERNATIONAL STANDARD BOOK NUMBER
International Standard Book Number 0321962214 (hardcover)
040 ## - CATALOGING SOURCE
Original cataloging agency DLC
Language of cataloging eng
Transcribing agency DLC
Description conventions rda
Modifying agency DLC
042 ## - AUTHENTICATION CODE
Authentication code pcc
050 00 - LIBRARY OF CONGRESS CALL NUMBER
Classification number QA184.2
Item number .L46 2015
082 00 - DEWEY DECIMAL CLASSIFICATION NUMBER
Classification number 512.5
Edition number 23
100 1# - MAIN ENTRY--PERSONAL NAME
Personal name Leon, Steven J.
245 10 - TITLE STATEMENT
Title Linear algebra with applications
Statement of responsibility, etc. Steven J. Leon, University of Massachusetts, Dartmouth.
250 ## - EDITION STATEMENT
Edition statement Ninth edition.
300 ## - PHYSICAL DESCRIPTION
Extent xv, 504 pages ;
Dimensions 24 cm
504 ## - BIBLIOGRAPHY, ETC. NOTE
Bibliography, etc. note Includes bibliographical references.
650 #0 - SUBJECT ADDED ENTRY--TOPICAL TERM
Topical term or geographic name entry element Algebras, Linear
Form subdivision Textbooks.
906 ## - LOCAL DATA ELEMENT F, LDF (RLIN)
a 7
b cbc
c orignew
d 1
e ecip
f 20
g y-gencatlg
942 ## - ADDED ENTRY ELEMENTS (KOHA)
Source of classification or shelving scheme
Koha item type Book
Holdings
Withdrawn status Lost status Damaged status Not for loan Collection code Permanent Location Current Location Shelving location Date acquired Source of acquisition Cost, normal purchase price Total Checkouts Full call number Barcode Date last seen Date last checked out Price effective from Koha item type
          Central Library (CL) Central Library (CL) General Stacks 01/04/2017 Allied Book Company 8051.81 8 512.5 LEO SEECS013613 08/22/2025 06/28/2025 01/04/2017 Book
© 2023 Central Library, National University of Sciences and Technology. All Rights Reserved.